000 00505nam a22001817a 4500
005 20251108164805.0
008 250721s1997 xx 000 0 ara d
082 1 4 _a811.9565/خلي
100 1 _aأبو خليل، زهدي
245 1 0 _aفي إنتظار الشراع /
264 1 _aعمان :
_bدار أسامة للنشر،
_c1997.
300 _a127ص
650 1 7 _aالشعر العربي
650 1 7 _aالعصر الحديث
650 1 7 _aالأردن
942 _2ddc
_cBK
999 _c14414
_d14414